| 000 | 00486nam a2200205Ia 4500 | ||
|---|---|---|---|
| 008 | 151119s9999||||xx |||||||||||||| ||und|| | ||
| 082 | _a823Chi/Myp | ||
| 082 | _bGKKV33508 | ||
| 100 | _aCBNTRAL CHINMAYA MISSION TRUST | ||
| 245 | _aMY PRAYERS | ||
| 260 | _a-- | ||
| 260 | _b-- | ||
| 260 | _c0 | ||
| 300 | _a165p. | ||
| 600 | _aCBNTRAL CHINMAYA MISSION TRUST | ||
| 630 | _aMY PRAYERS | ||
| 700 | _aCBNTRAL CHINMAYA MISSION TRUST | ||
| 730 | _aMY PRAYERS | ||
| 942 | _cBOOK | ||
| 999 |
_c1085803 _d1085800 |
||